| 000 | 00918nas a2200301 4500 | ||
|---|---|---|---|
| 001 | BR0701254 | ||
| 003 | BR-BrBNA | ||
| 005 | 20231205110631.0 | ||
| 007 | ta | ||
| 008 | 230509b bl.|||p| |||| 00| 00por d | ||
| 040 |
_aBR-BrBNA _bpor _cBiblioteca Nacional de Agricultura |
||
| 041 | _a(Pt) | ||
| 072 | _aQ04 | ||
| 100 | 1 | _aBarbosa, C. de O. | |
| 100 | 1 | _aLopes, I.B. de M. | |
| 100 | 1 | _aMorgano, M.A. | |
| 100 | 1 | _aAraújo, M.A. da M. | |
| 100 | 1 | _aMoreira-Araújo, R.S. dos R. | |
| 245 | 1 | _aConteúdo de minerais dos ingredientes e da multimistura | |
| 650 | _aALIMENTO PREPARADO | ||
| 650 | _aPROPRIEDADE FÍSICO-QUÍMICA | ||
| 650 | _aMINERAL | ||
| 650 | _aANÁLISE ESTATÍSTICA | ||
| 650 | _aPIAUÍ | ||
| 773 | 0 |
_tCiência e Tecnologia de Alimentos (Brazil) _xISSN 0101-2061 _g(Oct-Dec 2006), v. 26(4) p. 916-920 _wBR0701254 |
|
| 909 |
_a202311 _bLúcia _c55 _dLúcia Elande |
||
| 942 |
_2AGRIS _n0 _cANA |
||
| 999 |
_c188286 _d188286 |
||